000
00192 a2200097 4500
020
_a
9780884199984
041
_a
spa
100
_a
Beth Moore
245
_a
Una parabola sobre el Rey
942
_c
K
999
_c
26108
_d
26108